| 000 | 00000nam##2200000za#4500 |
| 001 | 9.603323 |
| 003 | CaOODSP |
| 005 | 20210624211024 |
| 007 | cr ||||||||||| |
| 008 | 150406|2004||||xxc|||||o f|0| 0 fre|d |
| 040 | |aCaOODSP|bfre |
| 043 | |an-cn--- |
| 086 | 1 |aBT31-4/40-2004F-PDF |
| 110 | 1 |aCanada. |bConseil du trésor. |
| 245 | 10|aDéveloppement economique Canada - budget des dépenses pour la période se terminant le 31 mars 2004 : |h[ressource électronique]|brapport sur le rendement |
| 246 | 1 |iTitre de renvoi : |aDéveloppement économique Canada pour les régions du Québec - rapport sur le rendement 2003-2004 |
| 260 | |aOttawa - Ontario : |bSecrétariat du Conseil du Trésor du Canada |c[2004]. |
| 300 | |a121p.|bfigures, graphiques, organigramme, tableaux |
| 490 | 1 |aRapport sur le rendement pour la période se terminant le 31 mars 2004|vPour la période se terminant le 31 mars 2004 |
| 590 | |a12-05-Supp|b2012-03-02 |
| 775 | 08|tEconomic Development Canada, estimates for the period ending March 31, 2004 : |w(CaOODSP)9.573099 |
| 776 | 0#|tCanada Economic Development for Quebec Regions |w(CaOODSP)9.539854 |
| 776 | 0#|tDéveloppement économique Canada pour les régions du Québec |w(CaOODSP)9.539855 |
| 830 | #0|aRapport sur le rendement pour la période se terminant le 31 mars 2004 ;|vPour la période se terminant le 31 mars 2004|w(CaOODSP)9.502660 |
| 856 | 40|ahttp://publications.gc.ca|qPDF|s1.15 Mo|uhttps://publications.gc.ca/collections/collection_2012/sct-tbs/BT31-4-40-2004-fra.pdf|yPour la période se terminant le 31 mars 2004 |